[Event "Osijek op"]
[Site "Osijek"]
[Date "2004.02.07"]
[Round "8"]
[White "Drmic, Stipan"]
[Black "Feletar, Darko"]
[Result "0-1"]
[WhiteElo "2235"]
[BlackElo "2393"]
[PlyCount "72"]
[EventDate "2004.01.??"]
[EventType "swiss"]
[EventRounds "9"]
[EventCountry "CRO"]
[SourceTitle "EXT 2005"]
[Source "ChessBase"]
[SourceDate "2004.11.15"]
[SourceVersion "1"]
[SourceVersionDate "2004.11.15"]
[SourceQuality "1"]

1. e4 c5 2. Nf3 Nc6 3. d4 cxd4 4. Nxd4 Nf6 5. Nc3 d6 6. Bc4 Bd7 7. Bb3 g6 8. Be3 Bg7 9. h3 0-0 10. 0-0 Rc8 11. Re1 Ne5 12. Qe2 Rxc3 13. bxc3 Nxe4 14. Bd2 Nxd2 15. Qxd2 Bf6 16. f4 Nc6 17. Rad1 Qa5 18. Qe3 Rc8 19. Rd3 Nb8 20. Qf3 Bxd4+ 21. Rxd4 Rxc3 22. Qf2 Nc6 23. Rd5 Qb4 24. a3 Qxa3 25. f5 gxf5 26. Qd2 Rg3 27. Rxe7 Nxe7 28. Ra5 Qb2 29. Qxd6 Rxb3 30. cxb3 Bc6 31. Qg3+ Ng6 32. Rxf5 Qxg2+ 33. Qxg2 Bxg2 34. Ra5 Bxh3 35. Rxa7 Bc8 36. Ra8 Ne7 0-1

[Event "Osijek op"]
[Site "Osijek"]
[Date "2004.02.04"]
[Round "5"]
[White "Drmic, Stipan"]
[Black "Leventic, Ivan"]
[Result "0-1"]
[WhiteElo "2235"]
[BlackElo "2480"]
[PlyCount "91"]
[EventDate "2004.01.??"]
[EventType "swiss"]
[EventRounds "9"]
[EventCountry "CRO"]
[SourceTitle "EXT 2005"]
[Source "ChessBase"]
[SourceDate "2004.11.15"]
[SourceVersion "1"]
[SourceVersionDate "2004.11.15"]
[SourceQuality "1"]

1. e4 Nf6 2. e5 Nd5 3. d4 d6 4. c4 Nb6 5. exd6 exd6 6. Nc3 Be7 7. h3 0-0 8. Nf3 c5 9. Be3 cxd4 10. Nxd4 d5 11. Qb3 Bg5 12. 0-0-0 Bxe3+ 13. fxe3 dxc4 14. Bxc4 Nxc4 15. Qxc4 Qg5 16. Qe2 Nc6 17. Nf3 Qe7 18. e4 Be6 19. Kb1 Rfe8 20. Rhe1 h6 21. Rd2 Qc7 22. g4 Rad8 23. Rxd8 Rxd8 24. Rg1 Nb4 25. Rd1 Rxd1+ 26. Qxd1 Qg3 27. a3 Nc6 28. Qf1 h5 29. Ng5 hxg4 30. Nxe6 fxe6 31. hxg4 Qxg4 32. Qb5 Qg1+ 33. Ka2 Qb6 34. Qc4 Ne5 35. Qc8+ Kf7 36. Qb8 Nd7 37. Qf4+ Kg8 38. Qg5 Qc6 39. Qe7 Nf6 40. Qd8+ Kf7 41. Qd4 Qb6 42. Qe5 a6 43. a4 Qc6 44. Qd4 Nd7 45. Qf2+ Kg8 46. Qd4 0-1

[Event "Osijek op"]
[Site "Osijek"]
[Date "2004.02.03"]
[Round "4"]
[White "Vukosavljevic, Ljubinko"]
[Black "Drmic, Stipan"]
[Result "0-1"]
[WhiteElo "2014"]
[BlackElo "2235"]
[PlyCount "76"]
[EventDate "2004.01.??"]
[EventType "swiss"]
[EventRounds "9"]
[EventCountry "CRO"]
[SourceTitle "EXT 2005"]
[Source "ChessBase"]
[SourceDate "2004.11.15"]
[SourceVersion "1"]
[SourceVersionDate "2004.11.15"]
[SourceQuality "1"]

1. e4 c5 2. Nf3 e6 3. d4 cxd4 4. Nxd4 a6 5. c4 Nf6 6. Nc3 Bb4 7. Bd3 Bxc3+ 8. bxc3 Qc7 9. Qe2 d6 10. h3 0-0 11. f4 e5 12. fxe5 dxe5 13. Nb3 Be6 14. Be3 Nbd7 15. 0-0 Rac8 16. Nd2 Rfd8 17. Kh2 Nc5 18. Bc2 Qa5 19. Nb3 Nxb3 20. axb3 Qxc3 21. Bg5 Rd7 22. Rac1 Ne8 23. Rf3 Qb4 24. Rd3 h6 25. Bh4 Rxd3 26. Qxd3 b5 27. cxb5 axb5 28. Rb1 Qc3 29. Qxc3 Rxc3 30. Rb2 Nd6 31. Bf2 h5 32. Kg1 Bc8 33. Be1 Rc7 34. Bb4 Ne8 35. Kf2 f6 36. Kf3 Kf7 37. Bd3 Bd7 38. Ra2 Rb7 0-1